[Event "SVK ECo-C Extraliga 2018-19"]
[Site "Slovakia"]
[Date "2018.11.11"]
[Round "2"]
[White "Kociscak, Jiri"]
[Black "Druska, Juraj"]
[Result "1/2-1/2"]
[WhiteElo "2487"]
[BlackElo "2443"]
[Annotator "TA"]
[PlyCount "221"]
[EventDate "2018.11.10"]
[EventType "team-tourn"]
[EventCountry "SVK"]
[SourceTitle "playchess.com"]
[Source "ChessBase"]
[SourceQuality "1"]
[WhiteTeam "Zilina"]
[BlackTeam "Prakovce"]

{[%evp 26,221,0,-17,0,0,0,-27,0,0,4,1,-14,-33,-26,-31,-29,-36,-35,-106,-112,-235,-81,-89,-32,-135,-28,-13,-47,-33,0,0,0,0,0,0,30,0,0,0,3,-18,-18,-23,-23,-65,-23,-20,-16,-17,160,149,183,183,183,175,220,18,18,18,18,18,18,18,18,8,18,13,18,14,18,18,21,0,22,22,23,0,35,24,26,11,18,20,19,20,22,22,22,18,29,8,8,8,8,8,8,8,8,8,8,0,0,0,0,0,0,0,0,0,0,0,0,0,0,0,0,0,0,0,0,0,0,0,0,0,0,0,0,0,0,0,0,0,0,0,0,0,0,0,0,0,0,0,0,0,0,0,0,0,0,0,0,0,0,0,0,0,0,0,0,0,0,0,0,0,0,0,0,0,8,0,0,0,0,0,0,0,0,0,0,0,0,0,0,0,0,0,0,0,0,0,0,0,0,0,0,0]} 1. d4 Nf6 2. c4 e6 3. g3 d5 4. Nf3 Bb4+ 5. Bd2 Be7 6. Bg2 O-O 7. O-O Nbd7 8. Qc2 c6 9. Rd1 b6 10. Bf4 Ba6 11. b3 Rc8 12. Nc3 h6 13. e4 dxc4 14. h3 {LiveBook: 7 Games. E15: Queen's Indian: 4 g3 sidelines, 4 g3 Ba6 and 4 g3 Bb7 early deviations} b5 15. bxc4 bxc4 {[#]} 16. Nd2 $146 ({Predecessor:} 16. Rab1 Qa5 17. Bd2 Qa3 18. Re1 Rb8 19. Re3 Qa5 20. e5 Nh7 21. Nb5 Qd8 {0-1 (40) Van Wely,L (2674)-Iljin,A (2538) Dresden 2007}) 16... Nb6 17. a4 Qxd4 18. a5 Nbd7 19. Nf3 Qc5 20. Be3 Qh5 $1 21. g4 Qg6 22. Nh4 (22. Bxa7 $15 Rc7 23. Bd4) 22... Qh7 $17 23. f4 (23. Nf3 $17) 23... Nd5 $2 (23... Nc5 $19 {has better winning chances.} 24. f5 Nd3) 24. Nf5 Nxe3 (24... exf5 $17 25. exd5 c5) 25. Nxe7+ $15 Kh8 26. Qd2 Nxd1 27. Rxd1 Nf6 {...Rce8 is the strong threat.} 28. Nxc8 Rxc8 29. Qf2 Qg8 30. Qxa7 Ra8 31. Qb6 Qc8 32. Rd6 $36 {[%mdl 2048] White has good play.} Bb5 33. g5 hxg5 34. fxg5 Nd7 35. Qf2 $1 {[#] Hoping for e5.} Qc7 (35... Rxa5 36. Qxf7 Ra1+ 37. Kh2 $11) 36. e5 $1 ({Reject} 36. Qd4 Nf8 $17) 36... Nxe5 37. Qd4 Qa7 $2 ({Better is} 37... Ng6 $1 $11 38. Nxb5 Qxa5) 38. Nxb5 $16 Qxd4+ 39. Nxd4 ({Worse is} 39. Rxd4 Rxa5 40. Rd8+ Kh7 $14) 39... Rxa5 40. Nxc6 ({Don't do} 40. Bxc6 $6 g6 $16) 40... Nxc6 {[#]} 41. Rxc6 $2 ({Only move:} 41. g6 $1 $18) 41... Rxg5 $11 42. Rxc4 $16 {[%mdl 4096] Endgame KRB-KR} g6 43. Kf2 Kg7 44. Bf3 Ra5 45. Kg3 Kf6 46. Bc6 Rg5+ 47. Kf2 Rh5 48. Bg2 Ra5 49. Bf3 Rg5 50. Rc7 Ra5 51. Rc4 Rg5 52. Rb4 Ra5 53. Bc6 Rf5+ 54. Kg3 Rg5+ 55. Kh2 Rc5 56. Ba4 Ra5 57. Rc4 Kg7 58. h4 g5 {The position is equal.} 59. Rg4 Kh6 60. Be8 Rf5 61. hxg5+ Rxg5 62. Ra4 Kg7 63. Ra7 Rf5 64. Kg3 Rf6 (64... Rf1 {is more complex.} 65. Rd7 Kf8 66. Rd8 Ke7 67. Rc8 Rf5) 65. Bc6 Rf5 66. Bf3 Kf6 67. Kf2 Rb5 68. Bc6 Rf5+ 69. Ke3 Re5+ 70. Kd4 Rf5 71. Kc4 Kg5 72. Be8 Kg6 73. Bc6 {And now Be4 would win.} Kg5 74. Be4 Rf4 75. Kd3 Kf6 76. Ke3 Rf1 77. Bf3 Re1+ 78. Kd4 Rf1 79. Be4 (79. Ke3 {with more complications.}) 79... Rf4 80. Ra1 Rh4 81. Re1 Rh5 82. Rf1+ Ke7 83. Rb1 Kf6 84. Bc6 Rf5 85. Rb7 Kg7 86. Kc4 Kf6 87. Bb5 Kg5 88. Kb4 Kf6 89. Ka5 Rf2 90. Kb6 Ke5 91. Kc5 Rc2+ 92. Bc4 Rf2 93. Ra7 Rf3 94. Ra2 Re3 95. Rh2 Re1 96. Rh3 Kf6 97. Kd6 Re5 98. Kd7 Rc5 99. Bd3 Rc3 100. Kd6 Ra3 101. Rf3+ Kg7 102. Kc5 Ra5+ 103. Bb5 Kf8 104. Kc6 Ke7 105. Rd3 Ra7 106. Kb6 Ra2 107. Rd7+ Kf8 108. Bc6 Rc2 109. Ra7 Rc1 110. Bf3 Rf1 111. Bh5 {Precision: White = 46%, Black = 69%.} 1/2-1/2

[Event "SVK ECo-C Extraliga 2018-19"]
[Site "Slovakia"]
[Date "2018.11.11"]
[Round "2"]
[White "Gazik, Viktor"]
[Black "Varga, Zoltan"]
[Result "1-0"]
[WhiteElo "2483"]
[BlackElo "2444"]
[Annotator "TA"]
[PlyCount "81"]
[EventDate "2018.11.10"]
[EventType "team-tourn"]
[EventCountry "SVK"]
[SourceTitle "playchess.com"]
[Source "ChessBase"]
[SourceQuality "1"]
[WhiteTeam "Podhajska"]
[BlackTeam "Streda"]

{[%evp 13,81,53,59,47,68,62,80,46,29,41,47,42,39,-8,5,-8,38,28,28,22,22,24,35,27,28,33,72,75,79,70,100,88,88,91,97,85,111,101,126,47,54,57,77,104,65,72,172,175,157,163,427,421,412,405,427,235,487,444,450,446,389,316,776,766,835,775,29997,29998,29998,29999]} 1. e4 Nf6 2. e5 Nd5 3. d4 d6 4. Nf3 dxe5 5. Nxe5 c6 6. Bd3 {B04: Alekhine's Defence: 4 Nf3} (6. Nf3 Bg4 7. Be2 Nd7 8. O-O e6 9. Re1 Bd6 10. Nbd2 N7f6 11. Nc4 Bc7 12. Nce5 Bh5 13. c3 O-O {1-0 (37) Vachier Lagrave,M (2779)-Dominguez Perez,L (2739) chess.com INT 2018}) 6... Nd7 7. Nf3 N7f6 {LiveBook: 28 Games} 8. a3 {White is slightly better.} Bg4 9. O-O e6 10. c4 Ne7 11. Nbd2 $146 ({Predecessor:} 11. Be3 Nf5 12. Bxf5 Bxf5 13. Nc3 Bd6 {½-½ (57) Drtina,M (2167)-Slobodnik,M (2075) Slovakia 2017}) 11... Bf5 12. Be2 Ng6 13. Nb3 Bd6 14. Re1 Bg4 15. h3 (15. Nbd2 {is interesting.} Bf5 16. h3 h5 17. Nb1 Bf4 18. Bxf4 Nxf4 19. Bf1) 15... Bxf3 16. Bxf3 O-O 17. Bd2 e5 18. Bc3 {[%cal Rd4e5]} Re8 19. Na5 $36 {[%mdl 2048] White is pushing.} Qc7 20. c5 Bf8 {[#]} 21. dxe5 $1 Nd7 {[%cal Rd7e5,Bf6d7,Bd7c5,Bc5d3][%mdl 32]} 22. e6 {aiming for exf7+.} Nxc5 23. exf7+ Qxf7 24. Qc2 Nf4 25. b4 Ncd3 26. Rxe8 ({Better is} 26. Re3 $16) 26... Rxe8 $14 27. Rd1 Ne5 28. Be4 g6 29. b5 cxb5 {[#]} (29... Nc4 $16 {keeps fighting.} 30. bxc6 Nxa3) 30. g3 $1 $18 {[%cal Rg3f4]} Nxh3+ 31. Kg2 {Threatens to win with Bd5.} Nf4+ $2 (31... Qxf2+ 32. Kxh3 Qxc2 33. Bxc2 Nc4) 32. gxf4 Qxf4 33. Bd5+ Kh8 34. Qe4 (34. Re1 $142) 34... Qg5+ $2 (34... Qxe4+ 35. Bxe4 Bg7 36. Nxb7 Nc4) 35. Kf1 Bg7 36. Re1 Qh5 {[#]} 37. Qf3 $1 {[%mdl 512]} Qh2 $2 (37... Qxf3 38. Bxf3 g5 39. Bxb7 Re7) (37... Nxf3 38. Rxe8#) 38. Nxb7 h6 39. Nd6 {Intending Rxe5 and mate.} Nxf3 40. Rxe8+ Kh7 41. Bg8+ {Precision: White = 72%, Black = 26%.} 1-0

[Event "SVK ECo-C Extraliga 2018-19"]
[Site "Slovakia"]
[Date "2018.11.11"]
[Round "2"]
[White "Jurcik, Marian"]
[Black "Mikrut, Dariusz"]
[Result "1/2-1/2"]
[WhiteElo "2453"]
[BlackElo "2372"]
[Annotator "ChessBase"]
[PlyCount "84"]
[EventDate "2018.11.10"]
[EventType "team-tourn"]
[EventCountry "SVK"]
[SourceTitle "playchess.com"]
[Source "ChessBase"]
[SourceQuality "1"]
[WhiteTeam "Zilina"]
[BlackTeam "Prakovce"]
[TimeControl "40/5400+30:1800+30"]

1. e4 {[%emt 0:00:18]} e5 {[%emt 0:00:00]} 2. Nf3 {[%emt 0:00:14]} Nc6 {[%emt 0:00:13]} 3. Bb5 {[%emt 0:00:41]} a6 {[%emt 0:00:06]} 4. Ba4 {[%emt 0:00:07]} Nf6 {[%emt 0:00:04]} 5. O-O {[%emt 0:00:23]} Be7 {[%emt 0:00:23]} 6. Bxc6 {[%emt 0:00:40]} dxc6 {[%emt 0:00:06]} 7. d3 {[%emt 0:00:06]} Nd7 {[%emt 0:04:17]} 8. Nc3 {[%emt 0:00:52]} O-O {[%emt 0:01:13]} 9. Kh1 {[%emt 0:01:30]} Bd6 {[%emt 0:04:10]} 10. Bg5 {[%emt 0:06:54]} f6 {[%emt 0:04:11]} 11. Be3 {[%emt 0:00:09]} Nc5 {[%emt 0:06:37]} 12. Nh4 {[%emt 0:02:07]} g6 {[%emt 0:06:14]} 13. g3 {[%emt 0:00:32]} Ne6 {[%emt 0:00:10]} 14. Ne2 {[%emt 0:09:20]} c5 {[%emt 0:02:02]} 15. f4 {[%emt 0:04:52]} Nd4 {[%emt 0:07:30]} 16. Nxd4 {[%emt 0:09:00]} cxd4 {[%emt 0:00:49]} 17. fxe5 {[%emt 0:00:15]} Bxe5 {[%emt 0:07:02]} 18. Bh6 {[%emt 0:01:14]} Rf7 {[%emt 0:00:11]} 19. Nf3 {[%emt 0:01:29]} Bg4 {[%emt 0:03:52]} 20. Qd2 {[%emt 0:02:41]} Bxf3+ {[%emt 0:03:31]} 21. Rxf3 {[%emt 0:00:13]} Qd7 {[%emt 0:00:23]} 22. Raf1 {[%emt 0:02:57]} c5 {[%emt 0:00:34]} 23. b3 {[%emt 0:03:35]} Re8 {[%emt 0:00:47]} 24. Qg2 {[%emt 0:05:39]} b5 {[%emt 0:02:48]} 25. g4 {[%emt 0:01:46]} c4 {[%emt 0:14:40]} 26. g5 {[%emt 0:03:44]} cxd3 {[%emt 0:01:05]} 27. cxd3 {[%emt 0:00:54]} Re6 {[%emt 0:17:19]} 28. h4 {[%emt 0:03:39]} Rc6 {[%emt 0:06:32]} 29. h5 {[%emt 0:01:21]} f5 {[%emt 0:00:42]} 30. exf5 {[%emt 0:01:45]} Rxf5 {[%emt 0:00:05]} 31. Rxf5 {[%emt 0:01:39]} gxf5 {[%emt 0:00:05]} 32. Rxf5 {[%emt 0:11:26]} Rc1+ {[%emt 0:00:09]} 33. Rf1 {[%emt 0:00:07]} Rxf1+ {[%emt 0:00:24]} 34. Qxf1 {[%emt 0:00:01]} Qc6+ {[%emt 0:03:12]} 35. Kg1 {[%emt 0:01:02]} Bg7 {[%emt 0:04:08]} 36. Bxg7 {[%emt 0:00:31]} Kxg7 {[%emt 0:00:04]} 37. Qf5 {[%emt 0:11:40]} Qc1+ {[%emt 0:00:13]} 38. Kf2 {[%emt 0:10:23]} Qe3+ {[%emt 0:00:24]} 39. Kf1 {[%emt 0:00:39]} Qc1+ {[%emt 0:00:05]} 40. Ke2 {[%emt 0:00:53]} Qe3+ {[%emt 0:01:54]} 41. Kd1 {[%emt 0:16:07]} Qg1+ {[%emt 0:00:00]} 42. Kc2 {[%emt 0:00:27]} Qh2+ {[%emt 0:00:00]} 1/2-1/2

[Event "SVK ECo-C Extraliga 2018-19"]
[Site "Slovakia"]
[Date "2018.11.11"]
[Round "2"]
[White "Pechac, Jergus"]
[Black "Zilka, Stepan"]
[Result "1-0"]
[WhiteElo "2449"]
[BlackElo "2530"]
[Annotator "ChessBase"]
[PlyCount "65"]
[EventDate "2018.11.10"]
[EventType "team-tourn"]
[EventCountry "SVK"]
[SourceTitle "playchess.com"]
[Source "ChessBase"]
[SourceQuality "1"]
[WhiteTeam "Zilina"]
[BlackTeam "Prakovce"]
[TimeControl "40/5400+30:1800+30"]

1. d4 {[%emt 0:00:00]} d5 {[%emt 0:00:00]} 2. c4 {[%emt 0:00:00]} e6 {[%emt 0:00:00]} 3. Nf3 {[%emt 0:00:00]} a6 {[%emt 0:00:00]} 4. Bg5 {[%emt 0:00:23]} Be7 {[%emt 0:02:00]} 5. Bxe7 {[%emt 0:00:17]} Qxe7 {[%emt 0:00:34]} 6. e3 {[%emt 0:00:27]} Nf6 {[%emt 0:01:04]} 7. Nc3 {[%emt 0:00:09]} O-O {[%emt 0:00:17]} 8. Qc2 {[%emt 0:01:29]} Nbd7 {[%emt 0:04:04]} 9. Rd1 {[%emt 0:02:43]} dxc4 {[%emt 0:08:56]} 10. Bxc4 {[%emt 0:00:08]} b5 {[%emt 0:00:08]} 11. Be2 {[%emt 0:02:20]} Bb7 {[%emt 0:01:39]} 12. O-O {[%emt 0:17:42]} c5 {[%emt 0:00:29]} 13. a3 {[%emt 0:02:50]} Rac8 {[%emt 0:00:57]} 14. Qb1 {[%emt 0:01:35]} h6 {[%emt 0:03:58]} 15. h3 {[%emt 0:00:58]} Rfd8 {[%emt 0:05:32]} 16. dxc5 {[%emt 0:00:25]} Nxc5 {[%emt 0:01:34]} 17. Rxd8+ {[%emt 0:00:11]} Qxd8 {[%emt 0:05:56]} 18. Rd1 {[%emt 0:01:43]} Qb6 {[%emt 0:00:15]} 19. Nd2 {[%emt 0:03:06]} Qc6 {[%emt 0:12:05]} 20. Bf3 {[%emt 0:00:18]} Qc7 {[%emt 0:00:06]} 21. Bxb7 {[%emt 0:02:48]} Nxb7 {[%emt 0:02:52]} 22. Nde4 {[%emt 0:00:33]} Nxe4 {[%emt 0:02:01]} 23. Qxe4 {[%emt 0:00:34]} Nd6 {[%emt 0:04:10]} 24. Qd4 {[%emt 0:03:42]} Nc4 {[%emt 0:02:00]} 25. Ne4 {[%emt 0:00:12]} f5 {[%emt 0:03:07]} 26. Ng3 {[%emt 0:00:43]} Qe5 {[%emt 0:08:40]} 27. Qd7 {[%emt 0:05:33]} Rf8 {[%emt 0:02:40]} 28. Nh5 {[%emt 0:00:08]} Nb6 {[%emt 0:06:47]} 29. Qe7 {[%emt 0:00:58]} Nc8 {[%emt 0:03:45]} 30. Qb7 {[%emt 0:00:22]} f4 {[%emt 0:04:01]} 31. Nxf4 {[%emt 0:00:23]} Qxb2 {[%emt 0:00:21]} 32. Nxe6 {[%emt 0:00:54]} Nd6 {[%emt 0:03:47]} 33. Rxd6 {[%emt 0:00:25]} 1-0

[Event "SVK ECo-C Extraliga 2018-19"]
[Site "Slovakia"]
[Date "2018.11.11"]
[Round "2"]
[White "Bagi, Mate"]
[Black "Likavsky, Tomas"]
[Result "1-0"]
[WhiteElo "2444"]
[BlackElo "2430"]
[Annotator "NA"]
[PlyCount "57"]
[EventDate "2018.11.10"]
[EventType "team-tourn"]
[EventCountry "SVK"]
[SourceTitle "playchess.com"]
[Source "ChessBase"]
[SourceQuality "1"]
[WhiteTeam "Streda"]
[BlackTeam "Podhajska"]
[TimeControl "40/5400+30:1800+30"]

1. e4 {[%emt 0:00:00]} c5 {[%emt 0:00:00]} 2. Nf3 {[%emt 0:00:00]} d6 {[%emt 0:00:35]} 3. d4 {[%emt 0:00:24]} cxd4 {[%emt 0:00:07]} 4. Qxd4 {[%emt 0:00:19]} Nc6 {[%emt 0:00:51]} 5. Bb5 {[%emt 0:00:22]} a6 {[%emt 0:06:28]} 6. Bxc6+ {[%emt 0:01:58]} bxc6 {[%emt 0:00:02]} 7. c4 {[%emt 0:04:49]} c5 {[%emt 0:02:39]} 8. Qd3 {[%emt 0:01:08]} g6 {[%emt 0:00:33]} 9. Nc3 {[%emt 0:06:46]} Bg7 {[%emt 0:01:06]} 10. O-O {[%emt 0:02:29]} Bb7 11. Rd1 {[%emt 0:04:18]} Rc8 {[%emt 0:15:27]} 12. Rb1 {[%emt 0:10:00]} Ba8 {[%emt 0:26:27]} 13. h3 {[%emt 0:09:40]} f6 {[%emt 0:05:03]} 14. Nd5 {[%emt 0:05:26]} Nh6 {[%emt 0:00:55]} 15. b4 {[%emt 0:02:07]} cxb4 {[%emt 0:06:35]} 16. Nd4 {[%emt 0:09:46]} Kf7 {[%emt 0:00:07]} 17. Rxb4 {[%emt 0:03:20]} Re8 {[%emt 0:07:02]} 18. Be3 {[%emt 0:08:14]} e5 {[%emt 0:05:12]} 19. Ne2 {[%emt 0:01:45]} Ng8 {[%emt 0:02:52]} 20. Qb3 {[%emt 0:04:37]} Re6 {[%emt 0:06:03]} 21. c5 {[%emt 0:03:40]} Bf8 {[%emt 0:04:18]} 22. Nb6 Rb8 {[%emt 0:02:19]} 23. Nxa8 {[%emt 0:02:42]} Rxb4 {[%emt 0:00:53]} 24. Qxb4 {[%emt 0:00:17]} Qxa8 {[%emt 0:00:08]} 25. cxd6 {[%emt 0:00:40]} Qc6 {[%emt 0:01:34]} 26. Bc5 {[%emt 0:00:49]} f5 {[%emt 0:01:29]} 27. d7 {[%emt 0:02:21]} Bxc5 {[%emt 0:00:46]} 28. d8=N+ {[%emt 0:00:19]} Kf6 {[%emt 0:00:59]} 29. Nxc6 {[%emt 0:01:22]} 1-0

[Event "SVK ECo-C Extraliga 2018-19"]
[Site "Slovakia"]
[Date "2018.11.11"]
[Round "2"]
[White "Kozak, Adam"]
[Black "Wiewiora, Eneasz"]
[Result "1-0"]
[WhiteElo "2444"]
[BlackElo "2347"]
[Annotator "TA"]
[PlyCount "55"]
[EventDate "2018.11.10"]
[EventType "team-tourn"]
[EventCountry "SVK"]
[SourceTitle "playchess.com"]
[Source "ChessBase"]
[SourceQuality "1"]
[WhiteTeam "Modra"]
[BlackTeam "Dubnica"]

{[%evp 23,55,70,76,81,72,54,48,48,83,84,81,87,197,187,204,193,281,291,294,272,304,214,415,422,481,448,568,548,1145,1149,1152,1140,1326,858]} 1. Nf3 Nf6 2. c4 g6 3. Nc3 Bg7 4. e4 d6 5. d4 O-O 6. Be2 e5 7. O-O Nc6 8. Be3 Ng4 9. Bg5 {[%cal Be3g5,Bg5h4,Bh4g3][%mdl 32]} f6 10. Bh4 h5 11. h3 {E97: King's Indian: Classical Main Line (6...e5 7 0-0 Nc6): 8 Be3 and 8 d5 Ne7, not 9 Ne1} Nh6 12. dxe5 (12. d5 Ne7 13. Ne1 g5 14. Bg3 g4 15. hxg4 hxg4 16. Nc2 f5 17. exf5 Nexf5 18. Ne4 Nxg3 19. fxg3 Rxf1+ 20. Qxf1 {½-½ (54) Potkin,V (2605)-Saric,I (2647) Sochi 2015}) 12... dxe5 {LiveBook: 13 Games} 13. Qb3 {White is better.} g5 {Strongly threatening ...Nd4.} 14. Rad1 Qe8 15. Bg3 g4 16. hxg4 hxg4 17. Nh4 Nd4 $146 {[#]} (17... Qf7 $16) ({Predecessor:} 17... Qf7 18. Nd5 f5 19. exf5 Nxf5 20. Nxf5 Bxf5 21. Qxb7 {0-1 (36) Davtyan,A (2353)-Babujian,L (2459) Yerevan 2018}) 18. Rxd4 $1 $18 {[%mdl 512]} exd4 19. Nd5 Qh5 (19... Rf7 $142) 20. Nxc7 Rb8 21. c5+ {[%cal Bc4c5,Bc5c6][%mdl 32]} Kh7 22. Nd5 {[%cal Bc7d5,Bd5f6,Bf6e8][%mdl 32]} Ra8 $2 (22... Be6 23. Bd3 (23. Bxb8 Rxb8 24. Nf5 Nxf5 $18) 23... Bf7) 23. Bd3 Qg5 {[#]White is clearly winning.} 24. c6 $1 {[%mdl 512]} Rf7 (24... bxc6 25. Nc7) 25. c7 Bf8 {[#]} 26. Nxf6+ $1 {[%mdl 512]} Kg7 (26... Rxf6 27. e5+) 27. e5 Be7 28. Ne8+ {Accuracy: White = 80%, Black = 23%.} 1-0

[Event "SVK ECo-C Extraliga 2018-19"]
[Site "Slovakia"]
[Date "2018.11.11"]
[Round "2"]
[White "Cernousek, Lukas"]
[Black "Balogh, Csaba"]
[Result "0-1"]
[WhiteElo "2436"]
[BlackElo "2629"]
[Annotator "TA"]
[PlyCount "56"]
[EventDate "2018.11.10"]
[EventType "team-tourn"]
[EventCountry "SVK"]
[SourceTitle "playchess.com"]
[Source "ChessBase"]
[SourceQuality "1"]
[WhiteTeam "Dubnica"]
[BlackTeam "Modra"]

{[%evp 27,56,12,8,-22,-28,-27,-30,-77,-60,-58,-24,-49,-68,-101,-95,-166,-182,-190,-199,-207,-205,-208,-172,-332,-344,-316,-314,-309,-297,-412,-419]} 1. e4 e5 2. Nf3 Nc6 3. Bb5 a6 4. Ba4 Nf6 5. O-O Be7 6. Re1 b5 7. Bb3 d6 8. c3 O-O 9. h3 Nb8 10. d4 Nbd7 11. Nbd2 c5 12. a4 Bb7 13. Bc2 {C95: Closed Ruy Lopez: Breyer Variation with 10 d4} (13. d5 c4 14. Bc2 Nc5 15. Nf1 Rb8 16. Ng3 Bc8 17. Be3 Qc7 18. axb5 axb5 19. Qe2 Bd7 20. Ra2 Ra8 21. Rea1 Rxa2 22. Rxa2 {½-½ (43) Zajic,M (2479)-Berkes,F (2661) Montenegro 2017}) 13... Qc7 14. d5 c4 {[#] LiveBook: 11 Games} 15. axb5 $146 {The position is equal.} ({Predecessor:} 15. Nf1 Rfb8 16. Ng3 g6 17. Bg5 Nc5 18. Qd2 Bc8 19. axb5 axb5 20. Nh2 Qd8 21. f4 {½-½ (32) Matsenko,S (2533)-Patel,A (2475) Irving 2018}) 15... axb5 16. Rb1 Nc5 {[%cal Bd7c5,Bc5a4,Ba4b6,Bb6d5,Bd5e3][%mdl 32]} 17. Re3 Nfd7 {[%cal Bf6d7,Bd7b6,Bb6c4][%mdl 32]} 18. b3 cxb3 19. Nxb3 Na4 20. Bd2 {[#]} Ndb6 $1 21. Bd3 (21. Be1 $17) 21... Nc4 $19 ({Avoid the trap} 21... Nxc3 $2 22. Bxc3 Qxc3 23. Rc1 $18 (23. Bxb5 Qc7 $14)) 22. Bxc4 bxc4 ({Don't do} 22... Qxc4 23. Nc1 $17) 23. Na1 f5 24. exf5 Nb6 25. g4 $2 (25. Re1 {is a better defense.}) 25... Nxd5 26. Re1 Qc6 27. Nc2 Ra2 28. Ne3 Nxe3 {Precision: White = 36%, Black = 78%.} ({Don't take} 28... Nf4 {[#]} 29. Rxb7 $1 {[%mdl 512]} Qxb7 30. Nxc4 $19) 0-1

[Event "SVK ECo-C Extraliga 2018-19"]
[Site "Slovakia"]
[Date "2018.11.11"]
[Round "2"]
[White "Mrva, Martin"]
[Black "Hrabusa, Matej"]
[Result "0-1"]
[WhiteElo "2430"]
[BlackElo "2398"]
[Annotator "NA RC"]
[PlyCount "86"]
[EventDate "2018.11.10"]
[EventType "team-tourn"]
[EventCountry "SVK"]
[SourceTitle "playchess.com"]
[Source "ChessBase"]
[SourceQuality "1"]
[WhiteTeam "Snina"]
[BlackTeam "Liptovska"]
[TimeControl "40/5400+30:1800+30"]

1. Nf3 {[%emt 0:00:00]} d5 {[%emt 0:00:00]} 2. g3 {[%emt 0:01:19]} Nf6 {[%emt 0:00:00]} 3. Bg2 {[%emt 0:00:06]} e6 {[%emt 0:01:06]} 4. O-O {[%emt 0:00:35]} c5 {[%emt 0:00:24]} 5. c4 {[%emt 0:04:02]} dxc4 {[%emt 0:03:16]} 6. Qa4+ {[%emt 0:06:32]} Bd7 {[%emt 0:01:43]} 7. Qxc4 {[%emt 0:04:14]} Bc6 {[%emt 0:01:58] LiveBook: 44 Games} 8. Re1 {[%emt 0:05:04]} Be7 {[%emt 0:02:53]} 9. e4 {[%emt 0:04:52]} Nbd7 {[%emt 0:02:53]} 10. Nc3 {[%emt 0:04:36]} Rc8 {[%emt 0:06:51]} 11. Qe2 {[%emt 0:02:23]} O-O {[%emt 0:05:29]} (11... c4 $5) 12. d4 {[%emt 0:05:44]} Re8 {[%emt 0:03:59]} 13. Rd1 {[%emt 0:02:53]} b6 {[%emt 0:04:15]} 14. dxc5 {[%emt 0:07:25]} Bxc5 {[%emt 0:01:26] [#]} 15. Ne5 $1 {[%emt 0:02:31]} Ba8 {[%emt 0:07:46]} 16. Nb5 {[%emt 0:07:22]} a6 {[%emt 0:07:09]} 17. Bg5 {[%emt 0:07:31]} Nxe5 {[%emt 0:13:42]} 18. Rxd8 {[%emt 0:00:27]} Rexd8 $16 {[%emt 0:00:03]} 19. Nc3 {[%emt 0:00:56]} Rd3 {[%emt 0:06:49]} 20. Rd1 {[%emt 0:11:53]} Rcd8 {[%emt 0:03:22]} 21. Rxd3 {[%emt 0:01:29]} Rxd3 {[%emt 0:00:44]} 22. Bxf6 {[%emt 0:03:50]} gxf6 {[%emt 0:00:08]} 23. Kh1 {[%emt 0:00:17]} Rd8 {[%emt 0:01:48]} 24. Bf1 {[%emt 0:05:07]} f5 {[%emt 0:02:13]} 25. Qh5 {[%emt 0:04:58]} f6 {[%emt 0:02:56]} 26. f3 {[%emt 0:01:00]} b5 {[%emt 0:05:16]} 27. a3 {[%emt 0:00:05]} Kg7 {[%emt 0:01:28]} 28. Be2 {[%emt 0:00:25]} Rd2 {[%emt 0:01:44]} 29. Qe8 {[%emt 0:01:20]} Bc6 {[%emt 0:00:56]} 30. Qxe6 {[%emt 0:03:04]} fxe4 {[%emt 0:00:17]} 31. f4 {[%emt 0:00:29]} e3+ {[%emt 0:01:41]} 32. Kg1 {[%emt 0:00:05]} Nf3+ {[%emt 0:00:35]} 33. Kf1 {[%emt 0:00:26]} Nxh2+ {[%emt 0:02:14]} 34. Ke1 {[%emt 0:00:03]} Nf3+ {[%emt 0:00:13]} 35. Kf1 {[%emt 0:00:08]} Bd7 {[%emt 0:01:47]} 36. Qxd7+ {[%emt 0:01:28]} Rxd7 {[%emt 0:00:05]} 37. Bxf3 {[%emt 0:00:04]} Rd2 {[%emt 0:01:44]} 38. Nd1 {[%emt 0:02:01]} Bd4 {[%emt 0:00:25]} 39. b3 {[%emt 0:00:44]} Ra2 {[%emt 0:00:43]} 40. a4 {[%emt 0:00:38]} bxa4 {[%emt 0:00:55]} 41. bxa4 {[%emt 0:30:05]} Rxa4 {[%emt 0:30:13]} 42. Ke2 {[%emt 0:00:07]} Ra2+ {[%emt 0:00:15]} 43. Kd3 {[%emt 0:00:58]} Rd2+ {[%emt 0:00:16] Kxd4} 0-1